| 000 | 00522nam a22001577a 4500 | ||
|---|---|---|---|
| 082 |
_a491.4393 _bZAI |
||
| 100 | _aZaidi, Shamshad | ||
| 245 |
_aUrdu Zuban ka Lisaniati Tajziya / _cShamshad Zaidi. |
||
| 260 |
_aKarachi: _bCity Book Point, _c2019. |
||
| 300 | _a249p. ; | ||
| 563 | _aHB | ||
| 650 |
_aUrdu language — Analytical study _9129686 |
||
| 880 |
_6100-01\(3\r _aشمشاد زیدی |
||
| 880 |
_6245-02\(3\r _aاردو زبان کا لسانیاتی تجزیہ \ شمشاد زیدی |
||
| 942 |
_2ddc _cBK |
||
| 999 |
_c614263 _d614263 |
||